| 000 | 00764cam a22001937a 4500 | ||
|---|---|---|---|
| 008 | 180718b1999 xxu||||| |||| 00| 0 eng d | ||
| 020 | _a0195791908 | ||
| 082 | _aA6x73 K527 | ||
| 100 | _aKhan, Roedad | ||
| 245 |
_aAmerican papers secret and confidential: India-Pakistan-Bangladesh documents, 1965-1973 _cby Roedad Khan |
||
| 260 |
_aOxford _bOxford Univ. Press _c1999 |
||
| 300 | _a997p. | ||
| 650 | _aUnited States - Foreign relations - Bangladesh - 1965-1973 | ||
| 650 | _aUnited States - Foreign relations - Pakistan - 1965-1973 | ||
| 650 | _aUnited States - Foreign relations - India - 1965-1973 | ||
| 650 | _aUnited States - Foreign relations - 1965-1973 | ||
| 650 | _aUnited States - History - 1965-1973 | ||
| 650 | _aDiplomatic documents - 1965-1973 | ||
| 999 |
_c390766 _d390766 |
||